00679nam a22001697a 4500003000900000008004100009020002200050040007100072082002200143245004000165260003900205300005100244505014400295650002500439650002400464650002100488AR-CdUCM190426b ||||| |||| 00| 0 spa d a978-607-404-979-4 aMUNICIPALIDAD PROVINCIAL DEL CUSCOcBIBLIOTECA MUNICIPAL DEL CUSCO aPI / 376.1 /bI45 aMi cajita de animales acuáticos / aMéxico :bSilver Dolphin,c2014. bIlustraciones de animales acuáticos,c32 cm. aContenido: v.1: Los animales del mar -- v.2: Los grandes animales marinos -- v.3: Los animales del estanque -- v.4: Los animales del río. aAnimales acuáticos aLiteratura infantil aPrimera infancia